Физико-химический анализ безводных солевых систем: учебное пособие

ग्रंथसूची विवरण
मुख्य लेखक: Федоров П. И. Павел Ильич
निगमित लेखक: Московский институт химического машиностроения
अन्य लेखक: Федоров П. П. Павел Павлович, Дробот Д. В. Дмитрий Васильевич
सारांश:На обл. авт. не указаны
भाषा:रूसी
प्रकाशित: Москва, Изд-во МИХМ, 1986
विषय:
स्वरूप: पुस्तक
KOHA link:https://koha.lib.tpu.ru/cgi-bin/koha/opac-detail.pl?biblionumber=271515

MARC

LEADER 00000nam0a2200000 4500
001 271515
005 20231101234438.0
020 |a RU  |b 87-29534 
035 |a (RuTPU)RU\TPU\book\294697 
090 |a 271515 
100 |a 20141008d1986 m y0rusy5003 ca 
101 0 |a rus 
102 |a RU 
105 |a a j 001zy 
200 1 |a Физико-химический анализ безводных солевых систем  |e учебное пособие  |f П. И. Федоров, П. П. Федоров, Д. В. Дробот  |g Московский институт химического машиностроения 
210 |a Москва  |c Изд-во МИХМ  |d 1986 
215 |a 90 с.  |c ил.  |d 20 см 
300 |a На обл. авт. не указаны 
320 |a Библиогр.: с. 87-89 (81 назв.) 
606 1 |a Солевые системы  |2 stltpush  |3 (RuTPU)RU\TPU\subj\74673  |9 86763 
610 1 |a гетерогенные системы 
610 1 |a термодинамика 
610 1 |a исследование 
610 1 |a методы 
610 1 |a правило фаз 
610 1 |a уравнение Ван-дер- Ваальса 
610 1 |a бертоллиды 
610 1 |a фазовые переходы 
610 1 |a учебные пособия 
675 |a 546-38(075.8)  |v 4 
700 1 |a Федоров  |b П. И.  |g Павел Ильич  |4 070 
701 1 |a Федоров  |b П. П.  |g Павел Павлович 
701 1 |a Дробот  |b Д. В.  |g Дмитрий Васильевич 
712 0 2 |a Московский институт химического машиностроения  |2 stltpush  |3 (RuTPU)RU\TPU\col\7881 
801 0 |a RU  |b RuMRKP  |c 19950417  |g psbo 
801 1 |a RU  |b 63413507  |c 20141008 
801 2 |a RU  |b 63413507  |c 20170309  |g RCR 
942 |c BK